[Event "Regionalliga Nord-West 1819"]
[Site "Bayern"]
[Date "2019.01.20"]
[Round "5.5"]
[White "Moenius, Alexander"]
[Black "Wisheckel, Lena"]
[Result "1-0"]
[WhiteElo "1942"]
[BlackElo "1913"]
[PlyCount "93"]
[EventDate "2018.10.21"]
[EventType "team-tourn"]
[EventRounds "9"]
[EventCountry "GER"]
[SourceTitle "EXT 2022"]
[Source "ChessBase"]
[SourceDate "2021.10.06"]
[SourceVersion "1"]
[SourceVersionDate "2021.10.06"]
[SourceQuality "1"]
[WhiteTeam "Hoechstadt/Aisch"]
[BlackTeam "Stetten"]
[WhiteTeamCountry "GER"]
[BlackTeamCountry "GER"]

1. d4 Nf6 2. Bf4 e6 3. e3 d5 4. Nd2 Bd6 5. Bg3 c5 6. c3 Nc6 7. Ngf3 b6 8. Bb5 Bb7 9. Qa4 Rc8 10. Qxa7 Ba8 11. Ne5 Bxe5 12. dxe5 Nd7 13. Qa4 0-0 14. f4 f6 15. exf6 Nxf6 16. 0-0 Qe7 17. e4 Na7 18. e5 Nh5 19. Be2 Nxg3 20. hxg3 Bc6 21. Qc2 Nb5 22. Nf3 h6 23. Nh4 Qe8 24. Bd3 d4 25. Bh7+ Kh8 26. Ng6+ Kxh7 27. Nxf8+ Kg8 28. Ng6 Rd8 29. f5 d3 30. Qf2 Be4 31. Nh4 exf5 32. Nxf5 Qxe5 33. Rae1 d2 34. Rd1 Bc2 35. Nh4 Bxd1 36. Qf7+ Kh7 37. Qg6+ Kg8 38. Qf7+ Kh7 39. Qg6+ Kh8 40. Qxb6 Rd6 41. Rf8+ Kh7 42. Qb8 g6 43. Rf7+ Qg7 44. Qb7 Qxf7 45. Qxf7+ Kh8 46. Nxg6+ Rxg6 47. Qxg6 1-0

[Event "Regionalliga Nord-West 1718"]
[Site "Bayern"]
[Date "2018.04.15"]
[Round "9.5"]
[White "Haasner, Tom"]
[Black "Wisheckel, Lena"]
[Result "1/2-1/2"]
[WhiteElo "1925"]
[BlackElo "1909"]
[PlyCount "39"]
[EventDate "2017.10.22"]
[EventType "team-tourn"]
[EventRounds "9"]
[EventCountry "GER"]
[SourceTitle "EXT 2022"]
[Source "ChessBase"]
[SourceDate "2021.10.06"]
[SourceVersion "1"]
[SourceVersionDate "2021.10.06"]
[SourceQuality "1"]
[WhiteTeam "Rottendorf"]
[BlackTeam "Stetten"]
[WhiteTeamCountry "GER"]
[BlackTeamCountry "GER"]

1. d4 Nf6 2. Bf4 g6 3. Nc3 Bg7 4. e4 d6 5. Qd2 c6 6. 0-0-0 b5 7. f3 Qa5 8. Kb1 0-0 9. g4 b4 10. Nce2 c5 11. Bh6 Nc6 12. Bxg7 Kxg7 13. h4 Rb8 14. h5 cxd4 15. hxg6 fxg6 16. Qh6+ Kg8 17. Nf4 Ne5 18. g5 Nf7 19. Bc4 e6 20. Qh2 1/2-1/2

[Event "Regionalliga Nord-West 1718"]
[Site "Bayern"]
[Date "2018.03.18"]
[Round "8.3"]
[White "Wisheckel, Lena"]
[Black "Weck, Hans"]
[Result "0-1"]
[WhiteElo "1909"]
[BlackElo "1922"]
[PlyCount "152"]
[EventDate "2017.10.22"]
[EventType "team-tourn"]
[EventRounds "9"]
[EventCountry "GER"]
[SourceTitle "EXT 2022"]
[Source "ChessBase"]
[SourceDate "2021.10.06"]
[SourceVersion "1"]
[SourceVersionDate "2021.10.06"]
[SourceQuality "1"]
[WhiteTeam "Stetten"]
[BlackTeam "Bad Neustadt"]
[WhiteTeamCountry "GER"]
[BlackTeamCountry "GER"]

1. e4 d6 2. d4 Nf6 3. Nc3 g6 4. f3 a6 5. Be3 b5 6. Qd2 Bb7 7. Nge2 Nbd7 8. g4 Nb6 9. Ng3 h5 10. g5 h4 11. gxf6 hxg3 12. Qg2 b4 13. Nd1 Rxh2 14. Rxh2 gxh2 15. fxe7 Qxe7 16. Qxh2 0-0-0 17. Qd2 d5 18. e5 f6 19. exf6 Qxf6 20. Bg5 Re8+ 21. Kf2 Qf5 22. Bd3 Qh3 23. Qf4 Qh1 24. Ne3 Qxa1 25. Bxg6 Bd6 26. Qf5+ Kb8 27. Bxe8 Qxb2 28. Qd3 Qxa2 29. f4 c5 30. dxc5 Bxc5 31. f5 d4 32. Ng4 Qg8 33. Bg6 Qd5 34. Bf4+ Ka7 35. Kg3 Qg2+ 36. Kh4 Be4 37. Qb3 Nd5 38. Be5 Bf3 39. Bh5 Bxg4 40. Bxg4 Qe4 41. Qg3 Ne3 42. Bf4 Ng2+ 43. Kg5 Be7+ 44. f6 Bxf6+ 45. Kxf6 Qxf4+ 46. Qxf4 Nxf4 47. Ke5 d3 48. cxd3 Nxd3+ 49. Kd4 Nf2 50. Bd7 Kb6 51. Kc4 a5 52. Be8 Ne4 53. Kb3 Nd6 54. Bd7 Kc5 55. Ka4 Nc4 56. Be8 Kb6 57. Kb3 Nd2+ 58. Kc2 Ne4 59. Kb3 Nc3 60. Kc4 Nb1 61. Bd7 Na3+ 62. Kb3 Nb5 63. Kc4 Na3+ 64. Kb3 Kc5 65. Be6 Nc4 66. Bf7 Nb6 67. Bg8 a4+ 68. Kb2 Kd4 69. Bf7 Nc4+ 70. Kc2 b3+ 71. Kb1 Kc3 72. Bg6 a3 73. Ka1 Kb4 74. Bb1 Ne3 75. Ba2 Kc3 76. Kb1 Nc2 0-1

[Event "Regionalliga Nord-West 1718"]
[Site "Bayern"]
[Date "2018.02.25"]
[Round "7.3"]
[White "Junker, Magnus"]
[Black "Wisheckel, Lena"]
[Result "1-0"]
[WhiteElo "2038"]
[BlackElo "1909"]
[PlyCount "47"]
[EventDate "2017.10.22"]
[EventType "team-tourn"]
[EventRounds "9"]
[EventCountry "GER"]
[SourceTitle "EXT 2022"]
[Source "ChessBase"]
[SourceDate "2021.10.06"]
[SourceVersion "1"]
[SourceVersionDate "2021.10.06"]
[SourceQuality "1"]
[WhiteTeam "Sailauf"]
[BlackTeam "Stetten"]
[WhiteTeamCountry "GER"]
[BlackTeamCountry "GER"]

1. e4 e5 2. Nf3 Nf6 3. Nc3 Bb4 4. Bc4 0-0 5. d3 d6 6. 0-0 Be6 7. Bb3 Nbd7 8. Bg5 Nc5 9. Nd5 Nxb3 10. axb3 Bxd5 11. exd5 Re8 12. d4 e4 13. Nh4 c6 14. g3 cxd5 15. c3 Ba5 16. Bxf6 gxf6 17. Nf5 Kh8 18. Qh5 Rg8 19. Nh6 Kg7 20. Nxg8 Kxg8 21. Qxd5 Bc7 22. Rae1 Rb8 23. Rxe4 Qd7 24. Rfe1 1-0

[Event "Regionalliga NW 1617"]
[Site "Bayern"]
[Date "2017.03.19"]
[Round "7.2"]
[White "Stauch, Edgar"]
[Black "Wisheckel, Lena"]
[Result "1-0"]
[WhiteElo "2048"]
[BlackElo "1928"]
[PlyCount "79"]
[EventDate "2016.10.16"]
[EventType "team-tourn"]
[EventRounds "9"]
[EventCountry "GER"]
[SourceTitle "EXT 2019"]
[Source "ChessBase"]
[SourceDate "2018.10.10"]
[SourceVersion "1"]
[SourceVersionDate "2018.10.10"]
[SourceQuality "1"]
[WhiteTeam "Kronach"]
[BlackTeam "Stetten"]
[WhiteTeamCountry "GER"]
[BlackTeamCountry "GER"]

1. c4 e5 2. g3 Nc6 3. Bg2 Bc5 4. Nc3 a6 5. Nf3 d6 6. d3 Ba7 7. Nd5 Nge7 8. 0-0 0-0 9. Rb1 Be6 10. Ng5 Bxd5 11. cxd5 Nd4 12. e3 Ndf5 13. Qh5 Nh6 14. e4 Qe8 15. Bh3 c6 16. dxc6 bxc6 17. Qe2 Kh8 18. Nf3 Nhg8 19. b3 Ng6 20. Ba3 Qd8 21. Nd2 N8e7 22. Nc4 Bb8 23. Bb2 f5 24. exf5 Nxf5 25. Bxf5 Rxf5 26. d4 Ra7 27. dxe5 Nxe5 28. Bxe5 dxe5 29. Qe4 Qf6 30. Ne3 Rg5 31. Rbc1 Rc7 32. Rfd1 h6 33. h4 Rh5 34. Ng4 Qf5 35. Qxf5 Rxf5 36. Rd8+ Kh7 37. Rxb8 Rcf7 38. Rc2 h5 39. Ne3 Rf3 40. Re8 1-0

[Event "Regionalliga NW 1213"]
[Site "Bayern"]
[Date "2013.02.24"]
[Round "7.4"]
[White "Wisheckel, Lena"]
[Black "Soeder, Thomas"]
[Result "0-1"]
[WhiteElo "1884"]
[BlackElo "2044"]
[PlyCount "48"]
[EventDate "2012.10.14"]
[EventType "team-tourn"]
[EventRounds "9"]
[EventCountry "GER"]
[SourceTitle "EXT 2015"]
[Source "ChessBase"]
[SourceDate "2014.11.20"]
[SourceVersion "1"]
[SourceVersionDate "2014.11.20"]
[SourceQuality "1"]
[WhiteTeam "Stetten"]
[BlackTeam "Bad Neustadt"]
[WhiteTeamCountry "GER"]
[BlackTeamCountry "GER"]

1. e4 d5 2. exd5 Qxd5 3. Nc3 Qa5 4. d4 Nf6 5. Bc4 Bg4 6. f3 Bf5 7. Nge2 c6 8. 0-0 e6 9. Ng3 Bg6 10. Nce2 Nbd7 11. c3 Bd6 12. Re1 Qc7 13. Bd2 0-0 14. Qc1 c5 15. Nf4 cxd4 16. cxd4 Rac8 17. b3 Nb6 18. Be2 Qb8 19. Bc4 Nbd5 20. Nxg6 hxg6 21. Qd1 Bxg3 22. hxg3 Qxg3 23. Re2 Nf4 24. Rf2 Nh3+ 0-1

[Event "GER-chT U20 Girls"]
[Site "Osnabrueck"]
[Date "2012.12.27"]
[Round "1.1"]
[White "Wisheckel, Lena"]
[Black "Evers, Annika"]
[Result "1-0"]
[WhiteElo "1876"]
[BlackElo "1842"]
[PlyCount "35"]
[EventDate "2012.12.27"]
[EventType "team-swiss"]
[EventRounds "7"]
[EventCountry "GER"]
[SourceTitle "EXT 2014"]
[Source "ChessBase"]
[SourceDate "2013.11.20"]
[SourceVersion "1"]
[SourceVersionDate "2013.11.20"]
[SourceQuality "1"]
[WhiteTeam "Stetten"]
[BlackTeam "Leipzig Lindenau"]
[WhiteTeamCountry "GER"]
[BlackTeamCountry "GER"]

1. d4 d5 2. Nc3 Nf6 3. e4 dxe4 4. Bg5 Bf5 5. Nge2 Nbd7 6. Ng3 Bg6 7. Qe2 c6 8. Ngxe4 Nxe4 9. Nxe4 Qa5+ 10. Bd2 Qd5 11. f3 Qxd4 12. Bc3 Qb6 13. Nd6+ Kd8 14. Nc4 Qc7 15. 0-0-0 e6 16. Ne5 Bd6 17. Nxd7 Qxd7 18. Be5 1-0

[Event "Regionalliga NW 1213"]
[Site "Bayern"]
[Date "2012.11.11"]
[Round "2.3"]
[White "Wisheckel, Lena"]
[Black "Seifert, Harald"]
[Result "1-0"]
[WhiteElo "1884"]
[BlackElo "1892"]
[PlyCount "103"]
[EventDate "2012.10.14"]
[EventType "team-tourn"]
[EventRounds "9"]
[EventCountry "GER"]
[SourceTitle "EXT 2015"]
[Source "ChessBase"]
[SourceDate "2014.11.20"]
[SourceVersion "1"]
[SourceVersionDate "2014.11.20"]
[SourceQuality "1"]
[WhiteTeam "Stetten"]
[BlackTeam "Coburg"]
[WhiteTeamCountry "GER"]
[BlackTeamCountry "GER"]

1. e4 d6 2. f4 Nf6 3. Nc3 g6 4. Bc4 Bg7 5. Nf3 0-0 6. 0-0 c6 7. Bb3 b5 8. d3 b4 9. Ne2 Qb6+ 10. Kh1 a5 11. a3 Na6 12. axb4 axb4 13. h3 Bd7 14. e5 Ne8 15. Qe1 d5 16. Qf2 Qxf2 17. Rxf2 Nec7 18. Bd2 Rfb8 19. Rff1 Nc5 20. Rxa8 Nxa8 21. Ned4 Nc7 22. Ra1 N7a6 23. Kg1 e6 24. Kf2 Bf8 25. g4 Rb6 26. h4 Nxb3 27. Nxb3 c5 28. h5 Be7 29. hxg6 hxg6 30. d4 c4 31. Nc1 Kg7 32. Ne2 Bc8 33. Be1 Bd7 34. Ke3 Bb5 35. Bh4 Bxh4 36. Nxh4 Bd7 37. Nf3 Bc8 38. Ng5 Bd7 39. Ng3 b3 40. c3 Be8 41. Rh1 Kf8 42. f5 gxf5 43. gxf5 Ke7 44. f6+ Kd7 45. Rh7 Nb4 46. cxb4 c3 47. bxc3 Ra6 48. Rh1 Ra2 49. Rb1 b2 50. Kd2 Kc7 51. Nf1 Ra1 52. Kc2 1-0

[Event "GER-chT U20 Girls"]
[Site "Magdeburg"]
[Date "2010.12.27"]
[Round "1.2"]
[White "Wisheckel, Lena"]
[Black "Kleinschmidt, Annika"]
[Result "1/2-1/2"]
[WhiteElo "1794"]
[BlackElo "1417"]
[PlyCount "63"]
[EventDate "2010.12.27"]
[EventType "team-swiss"]
[EventRounds "7"]
[EventCountry "GER"]
[SourceTitle "CBM 140 Extra"]
[Source "ChessBase"]
[SourceDate "2011.03.01"]
[SourceVersion "1"]
[SourceVersionDate "2011.03.01"]
[SourceQuality "1"]
[WhiteTeam "Stetten"]
[BlackTeam "Nordhorn Blanke"]
[WhiteTeamCountry "GER"]
[BlackTeamCountry "GER"]

1. e4 c5 2. Nc3 d6 3. f4 Nf6 4. Nf3 e6 5. Bc4 Be7 6. 0-0 0-0 7. d3 a6 8. a3 Nc6 9. h3 b5 10. Ba2 Bb7 11. Kh2 Qc7 12. g4 Nd4 13. Nxd4 cxd4 14. Ne2 e5 15. f5 Rac8 16. Bb3 h6 17. Ng3 d5 18. h4 dxe4 19. g5 hxg5 20. hxg5 exd3 21. gxf6 Qc6 22. Rg1 Qxf6 23. Qg4 dxc2 24. Nh5 Qh4+ 25. Qxh4 Bxh4 26. Rxg7+ Kh8 27. Rxf7 Rxf7 28. Bxf7 Rf8 29. Be6 d3 30. Bh6 Rd8 31. f6 d2 32. Bg7+ 1/2-1/2

[Event "GER-ch U18 Girls"]
[Site "Oberhof"]
[Date "2010.05.29"]
[Round "9"]
[White "Wisheckel, Lena"]
[Black "Kohm, Vanessa"]
[Result "1/2-1/2"]
[WhiteElo "1672"]
[BlackElo "1768"]
[PlyCount "103"]
[EventDate "2010.05.22"]
[EventType "swiss"]
[EventRounds "9"]
[EventCountry "GER"]
[SourceTitle "CBM 136 Extra"]
[Source "ChessBase"]
[SourceDate "2010.07.02"]
[SourceVersion "2"]
[SourceVersionDate "2010.07.15"]
[SourceQuality "1"]

1. e4 c5 2. Nc3 g6 3. f4 Bg7 4. Nf3 Nc6 5. Bc4 d6 6. 0-0 e6 7. d3 a6 8. a4 Nge7 9. Qe1 0-0 10. Qh4 Nb4 11. Bb3 Nec6 12. Qh3 Qb6 13. Kh1 Nd4 14. Nxd4 Bxd4 15. Ne2 Bg7 16. Qg3 Qd8 17. c3 Nc6 18. Bc2 Rb8 19. h4 h5 20. Qf2 b5 21. Ng1 b4 22. Nf3 bxc3 23. b3 Nd4 24. g3 Bd7 25. Rb1 Rb7 26. Be3 Nxf3 27. Qxf3 Bd4 28. Kh2 Bc6 29. Qe2 d5 30. Rbd1 Qe7 31. Bc1 Bg7 32. Rde1 d4 33. Qf2 Qc7 34. Ba3 Bd7 35. Qe2 Bh6 36. Rf2 Re8 37. Qf1 f5 38. Rfe2 Rbb8 39. exf5 exf5 40. Re5 Bf8 41. Qe2 Bg7 42. Rxe8+ Rxe8 43. Qf2 Qb6 44. Rxe8+ Bxe8 45. Qe1 Bf7 46. Qd1 Bf8 47. Bc1 Bd5 48. Kg1 Qe6 49. Kf2 Bc6 50. Qe2 Qd5 51. Ke1 Qh1+ 52. Qf1 1/2-1/2

[Event "GER-ch U18 Girls"]
[Site "Oberhof"]
[Date "2010.05.25"]
[Round "5"]
[White "Wisheckel, Lena"]
[Black "Dorn, Carina"]
[Result "0-1"]
[WhiteElo "1672"]
[BlackElo "1869"]
[PlyCount "52"]
[EventDate "2010.05.22"]
[EventType "swiss"]
[EventRounds "9"]
[EventCountry "GER"]
[SourceTitle "CBM 136 Extra"]
[Source "ChessBase"]
[SourceDate "2010.07.02"]
[SourceVersion "2"]
[SourceVersionDate "2010.07.15"]
[SourceQuality "1"]

1. e4 e6 2. d4 d5 3. Nc3 Bb4 4. e5 c5 5. Qg4 Ne7 6. dxc5 Bxc3+ 7. bxc3 Ng6 8. Nf3 Nc6 9. Qh5 Qc7 10. Bb5 Qa5 11. Bxc6+ bxc6 12. Bd2 Ba6 13. c4 Qxc5 14. 0-0 Qxc4 15. c3 c5 16. Rfe1 h6 17. g3 Rb8 18. a3 Rb2 19. Be3 0-0 20. Bxh6 gxh6 21. Qxh6 Qd3 22. Ng5 Nh8 23. Nxe6 fxe6 24. Qxe6+ Rf7 25. Qe8+ Kg7 26. e6 Qf3 0-1

[Event "GER-ch Schools U18 Girls"]
[Site "Germany"]
[Date "2010.05.07"]
[Round "2.1"]
[White "Wisheckel, Lena"]
[Black "Wichert, Melanie"]
[Result "1-0"]
[WhiteElo "1775"]
[BlackElo "800"]
[PlyCount "97"]
[EventDate "2010.05.07"]
[EventType "team-swiss"]
[EventRounds "7"]
[EventCountry "GER"]
[SourceTitle "EXT 2011"]
[Source "ChessBase"]
[SourceDate "2010.11.26"]
[SourceVersion "1"]
[SourceVersionDate "2010.11.26"]
[SourceQuality "1"]
[WhiteTeam "Karlstadt JSG (W)"]
[BlackTeam "Blankenburg GaT (W)"]
[WhiteTeamCountry "GER"]
[BlackTeamCountry "GER"]

1. e4 e5 2. Nf3 d6 3. d4 Nc6 4. Bc4 Nf6 5. 0-0 h6 6. d5 Ne7 7. Nc3 Bd7 8. Re1 c6 9. a3 g5 10. Be3 a6 11. Qd2 c5 12. b4 b5 13. Bf1 c4 14. a4 Ng4 15. axb5 axb5 16. h3 Nxe3 17. Qxe3 Nc8 18. Rxa8 Be7 19. Ra5 Qb6 20. Qxb6 Nxb6 21. Nxb5 Bxb5 22. Rxb5 Bd8 23. Ra1 Rg8 24. Ra6 Bc7 25. Raxb6 Bxb6 26. Rxb6 Rg6 27. Bxc4 g4 28. hxg4 Rxg4 29. Bd3 h5 30. Rxd6 Ke7 31. Rh6 Rg8 32. c4 f6 33. c5 Rd8 34. Rh7+ Ke8 35. Rh8+ Ke7 36. d6+ Kd7 37. Bb5+ Kc8 38. Ba6+ Kd7 39. Rh7+ Ke8 40. Bb5+ Kf8 41. Rh8+ Kf7 42. Rxd8 Kg7 43. Nh4 Kh6 44. Rg8 Kh7 45. Bc4 Kh6 46. d7 Kh7 47. d8Q Kh6 48. Qe7 f5 49. Nxf5# 1-0

[Event "GER-ch U16 Girls"]
[Site "Willingen"]
[Date "2008.05.11"]
[Round "5"]
[White "Wisheckel, Lena"]
[Black "Hohmann, Louisa"]
[Result "1-0"]
[WhiteElo "1702"]
[BlackElo "1751"]
[PlyCount "41"]
[EventDate "2008.05.11"]
[EventType "swiss"]
[EventRounds "9"]
[EventCountry "GER"]
[SourceTitle "CBM 124 Extra"]
[Source "ChessBase"]
[SourceDate "2008.07.03"]
[SourceVersion "1"]
[SourceVersionDate "2008.07.03"]
[SourceQuality "1"]

1. e4 c5 2. Nf3 Nc6 3. d4 cxd4 4. Nxd4 Nf6 5. Nc3 e5 6. Ndb5 d6 7. Nd5 Nxd5 8. exd5 Nb8 9. Qf3 a6 10. Qa3 Be7 11. Bd2 0-0 12. Bb4 axb5 13. Qxa8 Na6 14. Bd2 Qb6 15. Be3 Qa5+ 16. c3 b4 17. Bxa6 bxc3 18. 0-0 bxa6 19. bxc3 f5 20. Qc6 Bd8 21. Qxc8 1-0

[Event "GER-ch U16 Girls"]
[Site "Willingen"]
[Date "2008.05.11"]
[Round "7"]
[White "Wisheckel, Lena"]
[Black "Niemeyer, Sarah"]
[Result "0-1"]
[WhiteElo "1702"]
[BlackElo "1649"]
[PlyCount "100"]
[EventDate "2008.05.11"]
[EventType "swiss"]
[EventRounds "9"]
[EventCountry "GER"]
[SourceTitle "CBM 124 Extra"]
[Source "ChessBase"]
[SourceDate "2008.07.03"]
[SourceVersion "1"]
[SourceVersionDate "2008.07.03"]
[SourceQuality "1"]

1. e4 c5 2. Nf3 d6 3. Bb5+ Bd7 4. Bxd7+ Qxd7 5. 0-0 Nf6 6. Qe2 e6 7. c3 Be7 8. d4 0-0 9. e5 Nd5 10. dxc5 dxc5 11. c4 Nb6 12. Rd1 Qc7 13. b3 Nc6 14. Bb2 Rfd8 15. Nbd2 Rd7 16. Ne4 Rad8 17. Rxd7 Qxd7 18. Re1 Nc8 19. Qd2 Qxd2 20. Nexd2 Nd4 21. Nxd4 cxd4 22. Nf3 Bc5 23. Rd1 Ne7 24. a3 a5 25. Ng5 Nc6 26. Ne4 Ba7 27. Nd6 Nxe5 28. Nxb7 Rd7 29. Nxa5 Bb6 30. b4 Bxa5 31. bxa5 Nc6 32. Bc3 e5 33. Bb4 Ra7 34. Kf1 Nxa5 35. c5 Nc6 36. Ke2 e4 37. f3 f5 38. g4 g6 39. h3 Kf7 40. g5 Ke6 41. fxe4 fxe4 42. Rf1 Rf7 43. Rxf7 Kxf7 44. h4 Ke6 45. Kf2 Kd5 46. Ke2 Ke5 47. Kd2 Kf4 48. Ke2 d3+ 49. Kf2 e3+ 50. Ke1 Kg4 0-1